Reglamento para contratos de obras públicas con las modificaciones introducidas hasta el 1° de agosto de 1907

I tiakina i:
Ngā taipitopito rārangi puna kōrero
Hōputu: Pukapuka
Reo:Pāniora
I whakaputaina: Santiago, Chile El Globo 1910
Ngā marau:
Ngā Tūtohu: Tāpirihia he Tūtohu
Kāore He Tūtohu, Me noho koe te mea tuatahi ki te tūtohu i tēnei pūkete!

MARC

LEADER 00000nam a2200000 a 4500
001 UCR4676
003 CL-VaPUC
005 20220914155557.0
008 980313e19100000CL |||||||||||||||||spa|d
999 |c 267573  |d 267571 
040 |c Pontificia Universidad Católica de Valparaíso 
082 0 4 |a 346.022 REG 1910  |2 21 
245 1 0 |a Reglamento para contratos de obras públicas con las modificaciones introducidas hasta el 1° de agosto de 1907 
246 1 0 |a Lei de alcoholes promulgada en el diario Diario Oficial 
246 1 0 |a Lei y reglamento sobre neutralización y depuración de los residuos de los establecimientos industriales 
246 1 0 |a Lei y reglamento sobre construcción de obras de regadío 
246 1 0 |a Accidentes del trabajo. Ley de 30 de enero de 1900. Legislación de España 
246 1 0 |a Lei Nº3170 sobre indemnizaciones por accidentes del trabajo. Reglamento jeneral 
246 1 0 |a Nuestra ley de indemnizaciones sobre accidentes del trabajo 
246 1 0 |a Especificaciones jenerales para la construcción de edificios aprobada por el Consejo de Obras Públicas 
246 1 0 |a Lei Nº3091 sobre constribuciones de haberes 
246 1 0 |a Comentarios a la ley de habitaciones obras de Chile 
260 0 3 |a Santiago, Chile  |b El Globo  |c 1910 
300 |a 800 páginas 
583 |a last modification  |c 20170720 04:32:09  |k Rodrigo Vera 
650 7 |a CONTRATOS DE OBRAS PUBLICAS  |2 CL-VaPUC  |9 405166 
650 0 |a Obras públicas  |9 261125 
650 7 |a LEY DE ALCOHOLES  |2 CL-VaPUC  |9 371899 
650 7 |a CONTAMINACION INDUSTRIAL  |2 CL-VaPUC  |9 261690 
650 0 |a Accidentes de trabajo  |9 254901 
650 0 |a Derecho español  |9 255291 
650 7 |a DERECHO LABORAL  |2 CL-VaPUC  |9 15 
650 0 |a Construcción de edificios   |9 389370 
650 0 |a Impuestos  |9 255450 
650 0 |a Bienes muebles   |9 380927 
942 |c BK  |2 ddc 
945 |d 19980313 00:00:00  |a aolguin 
952 |0 0  |1 0  |2 ddc  |4 0  |6 346_022000000000000_REG_1910  |7 0  |8 X  |9 299967  |a BIBDER  |b BIBDER  |d 2019-11-20  |i 1961853  |o 346.022 REG 1910  |p 1961853  |r 2023-01-25  |t 1  |w 2019-11-20  |y BK_X  |k DER